COMMUNITIES and forest management in Southeast Asia : A regional profile of WG-CIFM : The Working Group on Community Involvement in Forest Management

Bibliographic Details
Corporate Author: The World Conservation Union (IUCN)
Other Authors: Poffenberger
Format: Book
Published: (Gland, Switzerland : IUCN , n. d.)
Subjects:

MARC

LEADER 00000cam a2200000 7i4500
001 0000001480
005 20010704.0
090 0 0 |a 333.75150959   |b COM {n. d.] 
245 0 0 |a COMMUNITIES and forest management in Southeast Asia :   |b A regional profile of WG-CIFM : The Working Group on Community Involvement in Forest Management   |c Mark Poffenberger, editor 
260 0 0 |a (Gland, Switzerland :   |b IUCN ,   |c n. d.) 
300 |a xi, 137 p. :   |b col. ill., maps ;   |c 28 cm. 
500 0 0 |a Includes bibliographies 
650 0 0 |a Forest management   |z Asia, Southeasten   |x Citizen participation 
700 0 1 |a Poffenberger   |h Mark 
710 1 1 |a The World Conservation Union (IUCN) 
998 |a JPSM 
999 |a 0000002481   |b Monograph   |c Open Shelf   |e Default branch